=LDR 00000nam 2200000 4500 =001 NUTBA000000000003289 =005 20140813092359.0 =006 =007 =008 =020 ##$$a 978-979-963-471-7 =035 ##$$a 0010-081400000000134 =040 ##$$a NBPDMAT =082 ##$$a 510 =090 ##$$a 510 $b Dwi p =100 ##$$a Dwi Sinar Prasetyono =245 ##$$a Panduan pelajaran matematika 2 untuk SMA kelas XI dan sederajat semester 1 dan 2 / $c Dwi Sunan Prasetyo =260 ##$$a Jogyakarta : $b Diva Press, $c 2008 =300 ##$$a 271 hlm. ; $c 21 cm. =650 ##$$a Matematika-SMA =990 ##$$a 21406432 =990 ##$$a 0001/BPAP-NTB/20142014 =990 ##$$a 0001/BPAP-NTB/20142014 =990 ##$$a 0001/BPAP-NTB/20142014 =990 ##$$a 0001/BPAP-NTB/20142014 =990 ##$$a 0001/BPAP-NTB/20142014